00750cam a2200241 a 450000100060000000300080000600500170001400800410003103500140007203500120008604000250009804100080012308200150013110000560014624500440020226000380024630000540028449000470033850000200038550400320040565000270043783000440046474713BD-RjUL20211209082606.0780403s1959 enkacf b 00110 eng d a(BD-RjUL) a1839967 aAPLSbengcAPLSdSSL aeng1 a709.422191 aBoase, T. S. R.q(Thomas Sherrer Ross),d1898-1974.10aEnglish art, 1800-1870 /cT.S.R. Boase. aOxford :bClarendon Press,c1959. a352 p., [96] p. of plates :bill., ports ;c24cm.1 aThe Oxford history of English art ;vv. 10 aIncludes index. aBibliography: p. [321]-330. 0aArt, EnglishxHistory. 0aOxford history of English art ;vv. 10.